বদনখানি মলিন হলে /

Opis bibliograficzny
1. autor: ইকবাল, মুহম্মদ জাফর
Format: Książka
Język:Bengali
Wydane: ঢাকা : অঙ্কুর প্রকাশনী, ২০১২.
Hasła przedmiotowe:
Classic Catalogue: View this record in Classic Catalogue
LEADER 01079nam a22002537a 4500
001 34855
003 BD-DhAAL
005 20250806132857.0
008 190723r20122012bg ||||| |||| 00| 1 ben d
020 |a 9844643333 
040 |a BD-DhAAL  |d BD-DhAAL 
082 |2 23  |a 891.44371 
100 |a ইকবাল, মুহম্মদ জাফর.  |9 33054 
245 |a বদনখানি মলিন হলে /  |c মুহম্মদ জাফর ইকবাল. 
246 |a Bodonkhani molin hole 
260 |a ঢাকা :  |b অঙ্কুর প্রকাশনী,  |c ২০১২. 
300 |a ১২০ পৃষ্ঠা ;  |c ২২ সে.মি. 
526 |a Residential Campus 
541 |a Development Book Agency  |e 34855 
650 |a Bengali fiction  |z Bangladesh.  |9 33055 
852 |a Savar Campus Library  |c General Stacks 
942 |2 ddc  |c BK 
999 |c 40936  |d 40936 
952 |0 0  |1 0  |2 ddc  |4 0  |6 891_443710000000000_IQB  |7 0  |9 65702  |a SCL  |b SCL  |c GEN  |d 2019-07-17  |e Development Book Agency  |g 141.00  |l 3  |m 4  |o 891.44371 IQB  |p 3020034855  |r 2023-02-12  |s 2023-02-06  |t 1  |v 141.00  |w 2019-07-17  |y BK